[Event "Molde Rose Cup-B"]
[Site "Molde"]
[Date "2003.06.22"]
[Round "5"]
[White "Aure, Alf Terje"]
[Black "Limburg, Ulf Atle"]
[Result "1-0"]
[WhiteElo "932"]
[BlackElo "1009"]
[PlyCount "35"]
[EventDate "2003.06.??"]
[EventType "tourn"]
[EventRounds "5"]
[EventCountry "NOR"]
[SourceTitle "EXT 2006"]
[Source "ChessBase"]
[SourceDate "2005.11.24"]
[SourceVersion "1"]
[SourceVersionDate "2005.11.24"]
[SourceQuality "1"]

1. e4 e5 2. Nc3 Nf6 3. Nf3 Bb4 4. Nxe5 Bxc3 5. bxc3 Qe7 6. d4 Nxe4 7. Qf3 Nf6 8. Bc4 Rf8 9. 0-0 d6 10. Bg5 h6 11. Nxf7 Be6 12. Bxe6 Rxf7 13. Rfe1 Kd8 14. Bxf7 Qxf7 15. Bxf6+ Qxf6 16. Qxb7 Kd7 17. Qxa8 Nc6 18. Qe8# 1-0

[Event "Molde Rose Cup-B"]
[Site "Molde"]
[Date "2003.06.21"]
[Round "1"]
[White "Bjornsgard, Roy"]
[Black "Limburg, Ulf Atle"]
[Result "1-0"]
[WhiteElo "819"]
[BlackElo "1009"]
[PlyCount "49"]
[EventDate "2003.06.??"]
[EventType "tourn"]
[EventRounds "5"]
[EventCountry "NOR"]
[SourceTitle "EXT 2006"]
[Source "ChessBase"]
[SourceDate "2005.11.24"]
[SourceVersion "1"]
[SourceVersionDate "2005.11.24"]
[SourceQuality "1"]

1. e4 e5 2. Nf3 Nf6 3. d3 d6 4. Be2 b6 5. Nc3 Bb7 6. Be3 Nbd7 7. Qd2 h6 8. h3 d5 9. exd5 Nxd5 10. Nxd5 Bxd5 11. 0-0-0 Bd6 12. b3 Qf6 13. Kb1 Ba3 14. d4 e4 15. Nh2 c5 16. Ng4 Qe7 17. dxc5 Be6 18. Qd4 0-0 19. cxb6 Bc5 20. Qxe4 f5 21. Nxh6+ gxh6 22. Qd3 Bxe3 23. Qxe3 f4 24. Qe4 Rf6 25. Qxa8+ 1-0